000 00608nam a2200193Ia 4500
003 GCL
008 140319s9999 xx 000 0 ara d
040 _aGCL /
_cGCL
082 0 4 _a810.9
_bس ا
100 1 _aسعيد علوش
245 1 0 _aاشكاليةالتيارات والتاثيرات الادبية فى الوطن العربى /
_cسعيد علوش
260 _a[S.N] :
_bالمركز الثقافى العربى ،
_c1986
300 _a224 ص
490 _a
650 0 4 _aالادب العربى
650 0 4 _aالادب المقارن
650 0 4 _aتاريخ ونقد
942 _2ddc
_cBK
999 _c30655
_d30655